Statystyki dla Rozpoznasz Wszystkie Modele Audi

Kliknij tutaj aby rozwiązać quiz!

Ogólne statystyki

  • Ten quiz został rozwiązany 77 razy
  • Średni wynik to 10 z 12

Statystyki odpowiedzi

Odpowiedź% Poprawnych
A3
97%
A4
97%
A7
93%
A5
92%
A6
92%
A6
92%
A1
89%
RS6
87%
80
82%
RS3
80%
Q5
79%
100
63%

Rozkład punktacji

Percentyl według liczby udzielonych odpowiedzi

Procent ludzi z każdym wynikiem

Twoja historia wyników

Nie rozwiązałeś tego quizu